Application of selected traditional and modern measures of financial performance of enterprises
Aplikácia vybraných tradičných a moderných opatrení finančného hospodárenia podnikov. Economic Value Added (EVA) je najpopulárnejšou metódou ekonomického zisku využívanou v praxi. Analýza korelácie medzi finančným hospodárením podniku a kurzom akcie a návratnosťou. Testovanie hodnotovej orientácie v...
Salvato in:
| Autore principale: | |
|---|---|
| Natura: | Capitolo di libro |
| Lingua: | inglese |
| Soggetti: | |
| Tags: |
Nessun Tag, puoi essere il primo ad aggiungerne!!
|
MARC
| LEADER | 00000nla$a2200000$$$4500 | ||
|---|---|---|---|
| 001 | 0144237 | ||
| 005 | 20240502072602.7 | ||
| 041 | 0 | |a eng | |
| 044 | |a SK | ||
| 245 | 1 | 0 | |a Application of selected traditional and modern measures of financial performance of enterprises |c Kristína Jančovičová Bognárová |
| 520 | |a Aplikácia vybraných tradičných a moderných opatrení finančného hospodárenia podnikov. Economic Value Added (EVA) je najpopulárnejšou metódou ekonomického zisku využívanou v praxi. Analýza korelácie medzi finančným hospodárením podniku a kurzom akcie a návratnosťou. Testovanie hodnotovej orientácie v meraniach finančného hospodárenia podniku. | ||
| 610 | 2 | 0 | |a hospodárenie finančné |
| 610 | 2 | 0 | |a zisk |
| 610 | 2 | 0 | |a zisk ekonomický |
| 610 | 2 | 0 | |a účtovanie |
| 610 | 2 | 0 | |a hodnota pridaná ekonomická |
| 610 | 2 | 0 | |a ukazovateľ EVA |
| 100 | 1 | |a Jančovičová Bognárová, Kristína, 1979- | |